000 00669nam a2200277Ia 4500
005 20260320195839.0
008 008 262003s9999 xx 000 0 hin d
020 _a9788171198542
037 _aEBOOK
040 _aCRL
040 _bhin
040 _cCRL
041 _2hin
041 _ahin
084 _qCRL
100 _aओमप्रकाश वाल्मिकी
_91133030
245 0 _aजूठन-1
250 _a22nd
260 _bRajkamal
260 _c1999
300 _a164
856 _uhttps://ebook.indiaread.in/pdfs/Joothan_Part_1_by_Omprakash_Valmiki.pdf
942 _cEBOOK
999 _c1716825
_d1716825